000 00222 a2200085 4500
020 _a9780799329834
100 _aBergh, Rene
_974722
245 _aSerenade vir n nuwe dag
999 _c732231
_d732230
942 _w2694
_xGrace Mofokeng
_y296
_zPhillipina Naude